000 00923nam a22002897i 4500
003 EG-GICUC
005 20260209181837.0
008 260209s1954 uk ||||fr|||| 000 0 eng d
040 _aEG-GiCUC
_beng
_cEG-GiCUC
_dEG-GiCUC
_eRda
082 0 4 _221
_a341.8
_bBL . B
092 0 4 _221
099 _aLaw1 12 341.8 BL . B 1954
100 1 _aBlom-cooper, Louis Jacques
_eAuthor.
245 1 0 _aBankruptcy in Private International Law /
_cLouis Jacques Blom-cooper.
_n
264 1 _aLondon :
_bTh Estern Press Ltd,
_c1954.
300 _a159page :
_billustration ;
_c 24 cm.
336 _2rda contenu
_a texte
337 _2rda medias
_aOrdinateur
338 _2 transporteur rda
_a Ressource en ligne
504 _a
546 _aText in English
650 1 4 _aPrivate international law
_2
651 1 _2
856 4 0 _uhttps://fll.law.cu.edu.eg/fulltext/bks/B12-01868.pdf
905 _a50
942 _2ddc
_cBK
_e21
_n0
999 _c62001
_d62001